000 00910nac a22002777a 4500
001 BR7903810
003 BR-BrBNA
005 20240105114438.0
008 230509b bl.|||m| |||| 00| 0 por d
040 _aBR-BrBNA
_bpor
_cBiblioteca Nacional de Agricultura
072 _aF23; F25
090 _a3801 BR7903810
100 1 _aOliveira, J.B. de
110 1 _aInstituto Agronomico, Campinas, SP (Brasil)
245 1 _aClassificacao baseada no potencial de fertilidade dos solos na quadricula de Campinas [Brasil]
260 3 _aCampinas, SP (Brasil):
_c1978.
300 _a25 p.
490 _aBoletim Tecnico - Instituto Agronomico (Brazil)
_vno. 59
_xISSN 0100-3100
500 _a21 ref.; Summaries (En, Pt)
650 _aCLASSIFICACAO DO SOLO
650 _aFERTILIDADE DO SOLO
650 _aSOLO
650 _aCAMPINAS
909 _a202312
_bLúcia Elande
_c55
_dLúcia Elande
942 _2AGRIS
_n0
_cMS
999 _c269391
_d269391